03 Kasım 2002 pazar günü yapılacak XII. dönem Milletvekili genel seçiminde sandık kurullarının görev ve yetkilerini gösterir genelge (Record no. 5807)
[ view plain ]
| 000 -BAŞLIK | |
|---|---|
| Sabit Uzunlukta Kontrol Alanı | 00996na a2200277 4500 |
| 001 - KONTROL NUMARASI | |
| Denetim Alanı | 21101 |
| 003 - KONTROL NUMARASI IDENTIFIER | |
| Denetim Alanı | MIRAKIL |
| 005 - SON İŞLEM TARİHİ VE ZAMANI | |
| Denetim Alanı | 20181213155047.0 |
| 008 - SABİT-BOY VERİ ELEMANLARI - GENEL BİLGİLER | |
| Sabit Uzunlukta Kontrol Alanı | 170131b tu 000 0 |
| 040 ## - KATALOGLAMA KAYNAK | |
| Orijinal Kataloglama Ajansı | Milas |
| Kataloglama Dili | tur |
| Metne Dönüştürmek Ajansı | TR-AnCHP |
| 041 ## - DİL KODU | |
| Metin / Ses Parça Veya Ayrı Başlığın Dil Kodu | tur |
| 082 ## - DEWEY ONLU SINIFLANDIRMA NUMARASI | |
| Sınıflandırma Numarası | 324.65 |
| Ürün Numarası | T1974g 2002 |
| 090 ## - SINIFLAMA NUMARASI | |
| Sınıflama Numarası | BROŞÜR 424 |
| 110 ## - ANA GİRİŞ - KURUMSAL ADI | |
| Giriş Elemanı Olarak Kurumsal Ad Veya Yargı Alanı Adı | Türkiye Cumhuriyeti |
| Alt Birim | Yüksek Seçim Kurulu Başkanlığı |
| 240 ## - ÜNİFORM BAŞLIK | |
| Üniforma Başlık | <a href="Genelgeler, vb.">Genelgeler, vb.</a> |
| 245 ## - BAŞLIK TABLOSU | |
| Başlık | 03 Kasım 2002 pazar günü yapılacak XII. dönem Milletvekili genel seçiminde sandık kurullarının görev ve yetkilerini gösterir genelge |
| Başlığın Kalan | Örnek 135 |
| Sorumluluk Tablosu, Vb | [yayınlayan] Yüksek Seçim Kurulu Başkanlığı |
| 260 ## - YAYIN, DAĞITIM, VB | |
| Yayın, Dağıtım, Vb Yeri | Ankara |
| Yayın, Dağıtım, Vb Tarihi | 2002 |
| 300 ## - FİZİKSEL TANIM | |
| Kapsam | 28 s. |
| 440 ## - SERİSİ TABLOSU / KATMA GİRİŞİ - BAŞLIK | |
| Başlık | Yüksek Seçim Kurulu Başkanlığı Yayınları |
| 500 ## - GENEL NOT | |
| Genel Not | Fotokopidir. |
| 610 ## - KONU KATMA GİRİŞ - TOPLANTI ADI | |
| Giriş Elemanı Olarak Kurumsal Ad Veya Yargı Alanı Adı | Yüksek Seçim Kurulu |
| Genel Alt Bölüm | Genel seçimler, 2002 |
| Kronolojik Alt Bölüm | Genelgeler |
| 650 ## - KONU KATMA GİRİŞ - TOPİKAL DÖNEM | |
| Topikal Süreli Veya Coğrafi Ad Giriş Elemanı | Genel seçimler |
| Genel Alt Bölümü | Genelgeler |
| 710 ## - KATMA GİRİŞ - KURUMSAL ADI | |
| Giriş Elemanı Olarak Kurumsal Ad Veya Yargı Alanı Adı | Yüksek Seçim Kurulu Başkanlığı |
| 942 ## - EKLENDİ GİRİŞ ELEMANLARI (KOHA) | |
| Sınıflandırma Veya Raf Düzeni Kaynak | Dewey Decimal Classification |
| Koha Öğesi Türü | Books |
| 999 ## - SİSTEM KONTROL NUMARALARI (KOHA) | |
| Koha Biblionumber | 5807 |
| Koha Biblioitemnumber | 5807 |
| Kullanım Kısıtlamaları | Kalıcı Konum | Mevcut Konum | Edinme Tarihi | Edinim Kaynak | Kodlu Konum Eleme | Toplam Check-Out'Lar | Tam Çağrı Numarası | Barkod | Tarih Son Görülme | Kopya Sayısı | İtibaren Geçerli Fiyatlar | Sigara Kamu Notu | Koha Öğesi Türü |
|---|---|---|---|---|---|---|---|---|---|---|---|---|---|
| Kütüphane dışına çıkarılamaz | CHP Kütüphanesi | CHP Kütüphanesi | 01/31/2017 | Bağış | BROŞÜRLER | BROŞÜR 424 | 013281 | 01/31/2017 | k.5 | 01/31/2017 | Fotokopi | Books |
